000 00509nam a2200193Ia 4500
003 LK-CoDNM
008 010623t1891 xxu||||| |||| 00| 1 sin d
040 _aLK-CoDNM
_dLK-CoDNM
_eLK-CoDNM
041 _asin
080 _a104 A 24
100 _aDhammarama Thero,K
_eed.
245 _aජානකීහරණය
246 _aJaanakeeharana
260 _bD.D.J.senanayaka
_aPeliyagoda
_c1891
300 _bxxxv,309p, 21 cm
650 _aSanskrit literature
700 _aKumaradasa King,Sri
942 _cBK
999 _c83411
_d83411